Elegies / (Record no. 3287)

MARC details
000 -LEADER
fixed length control field 00461cam a22001935i 4500
008 - FIXED-LENGTH DATA ELEMENTS--GENERAL INFORMATION
fixed length control field 221003s2023 enk e 0|| p eng d
020 ## - INTERNATIONAL STANDARD BOOK NUMBER
ISBN 9781529096880
020 ## - INTERNATIONAL STANDARD BOOK NUMBER
ISBN 152909688X
100 1# - MAIN ENTRY--AUTHOR
Author Duffy, Carol Ann,
245 10 - TITLE STATEMENT
Title Elegies /
Statement of responsibility, etc Carol Ann Duffy.
260 ## - PUBLICATION, DISTRIBUTION, ETC. (IMPRINT)
Place of publication London
Name of publisher Picador
Date of publication 2023
300 ## - COLLATION
Pagination 55 pages ;
500 ## - GENERAL NOTE
General note Poems.
650 #0 - TRACINGS
Main Subject Death
Subdivision (1st) Poetry.
650 #7 - TRACINGS
Main Subject Death
942 ## - ADDED ENTRY ELEMENTS (KOHA)
Item type Books
050 00 - LIBRARY OF CONGRESS CALL NUMBER
Classification number PR6054.U38
Item number E44 2023
082 04 - DEWEY DECIMAL CLASSIFICATION NUMBER
Classification number 821.92
Holdings
Source of classification or shelving scheme Not for loan Permanent location Current location Date acquired Accession No. Full call number Barcode. Koha item type
Library of Congress Classification   Samuel Ogbemudia Main Library, University of Abuja Samuel Ogbemudia Main Library, University of Abuja 05/05/2025 2024/63521 PR6054.U38.E44 2025-1742 Books